Scholastic reading skills kit (boxd) / (Record no. 12723)
[ view plain ]
| 000 -LEADER | |
|---|---|
| fixed length control field | 00633nam a2200169 a 4500 |
| 005 - DATE AND TIME OF LATEST TRANSACTION | |
| control field | 20140310182406.0 |
| 008 - FIXED-LENGTH DATA ELEMENTS--GENERAL INFORMATION | |
| fixed length control field | 030220s19uu xx 00 eng d |
| 100 ## - MAIN ENTRY--PERSONAL NAME | |
| Personal name | Block, Cathy Collins |
| 245 ## - TITLE STATEMENT | |
| Title | Scholastic reading skills kit (boxd) / |
| Statement of responsibility, etc | Dr. Cathy Collins Block, Dr. John N. Mangieri. |
| 260 ## - PUBLICATION, DISTRIBUTION, ETC. (IMPRINT) | |
| Place of publication, distribution, etc | New York : |
| Name of publisher, distributor, etc | Scholastic, |
| Date of publication, distribution, etc | c2002. |
| 300 ## - PHYSICAL DESCRIPTION | |
| Extent | Primary, Box A-D |
| 500 ## - GENERAL NOTE | |
| General note | Includes answer key cards, teacher's resource book, reading skills cards, and strategy cards. |
| 650 ## - SUBJECT ADDED ENTRY--TOPICAL TERM | |
| Topical term or geographic name as entry element | Reading skills kit. |
| 700 ## - ADDED ENTRY--PERSONAL NAME | |
| Personal name | (see KITS for check out purposes) |
| 700 ## - ADDED ENTRY--PERSONAL NAME | |
| Personal name | National Reading /Language Arts Consultants |
| 942 ## - ADDED ENTRY ELEMENTS (KOHA) | |
| Koha item type | Books |
| Withdrawn status | Lost status | Damaged status | Home library | Current library | Shelving location | Date acquired | Source of acquisition | Total Checkouts | Full call number | Barcode | Date last seen | Price effective from | Koha item type |
|---|---|---|---|---|---|---|---|---|---|---|---|---|---|
| Luxembourg Library | Luxembourg Library | KIT Section | 02/20/2003 | KIT 418.4 B62 2002 | 11588 | 10/10/2013 | 10/10/2013 | Kits |